| 000 | 00509nam a2200181Ia 4500 | ||
|---|---|---|---|
| 003 | GCL | ||
| 008 | 140319s9999 xx 000 0 eng d | ||
| 040 |
_aGCL / _cGCL |
||
| 082 | 0 | 4 |
_a304.6 _bC P |
| 100 | 1 | _aCASSEN, ROBERT | |
| 245 | 1 | 0 |
_aPOPULTION AND DEVELOPMENT: OLD DEBATES, NEW CONCLUSIONS / _cCASSEN, ROBERT |
| 260 |
_a[S.N] : _bOVERSEAS DEVELOPMENT COUNCIL ، _c1994 |
||
| 300 | _a282 P | ||
| 650 | 0 | 4 | _aPOPULATION |
| 650 | 0 | 4 | _aECONOMIC ASPECTS |
| 650 | 0 | 4 | _aDEVELOPING COUNTRIES |
| 942 |
_2ddc _cBK |
||
| 999 |
_c23497 _d23497 |
||